| 000 | 00457nam a22001577a 4500 | ||
|---|---|---|---|
| 999 |
_c9298 _d9298 |
||
| 008 | 210401b ||||| |||| 00| 0 eng d | ||
| 040 | _aBMS College of Architecture | ||
| 100 | _aVenadt, Antony, Nisha | ||
| 245 | _aOceanarium | ||
| 300 | _a40p. | ||
| 500 | _a1BM99AT015 | ||
| 502 |
_8B.Arch _NBMS College of Architecture, Visvesvaraya Technological University _aProject report _d2003 |
||
| 650 | _aNA | ||
| 700 |
_aSridhar Rajan _eGuide |
||
| 942 |
_2ddc _cTHE |
||